000 00547nam a2200157 4500
001 126721
003 ES-MaACL
005 20230906192852.0
007 t|
008 070214s1932 sz r ||||1| fre d
111 2 _aConference Internationale du Travail (
_cGenève)
_9184
245 1 0 _aRevision partielle de la convention concernant la protection des travailleurs occupes an chargement ou an dechargement des bateaux contre les accidents.
260 _aGenève :
_b[s.n.],
_c1932.
300 _a106 p. ;
_c21 cm.
852 _aES-MaACL
_j1762-F-13
999 _c126721
_d126721